Maiores Artilheiros Seleção da Espanha - Statistics

Estatísticas Gerais
  • Esse quiz foi jogado 103 vezes
  • A pontuação média é 5 de 10
Estatísticas das Respostas
Gols Jogos Período Jogador % Correto
38 110 2003-2014 Fernando Torres
84%
59 98 2005-2017 David Villa
80%
44 102 1996-2006 Raúl
78%
30 60 2014-presente Álvaro Morata
75%
23 180 2005-presente Sergio Ramos
65%
27 47 1998-2007 Fernando Morientes
38%
35 125 2006-2018 David Silva
37%
23 31 1957-1961 Alfredo di Stéfano
32%
29 89 1989-2002 Fernando Hierro
30%
26 69 1984-1992 Emilio Butragueño
27%
Nenhum quiz correspondente encontrado
Distribuição das Pontuações
Porcentagem de Pessoas com Cada Pontuação
Percentil de Números Respondidos
Sua Pontuação Histórica
Você não jogou esse quiz